2024/2025 Premier League Goalscorers: Gameweek 23 - Statistics

General Stats
  • This quiz has been taken 36 times
  • The average score is 25 of 29
Answer Stats
Fixture Team Score Goalscorer % Correct
Bournemouth v Nottingham Forest Bournemouth 5-0 Antoine Semenyo
100%
Bournemouth v Nottingham Forest Bournemouth 2-0 Dango Ouattara
100%
Bournemouth v Nottingham Forest Bournemouth 3-0 Dango Ouattara
100%
Bournemouth v Nottingham Forest Bournemouth 4-0 Dango Ouattara
100%
Bournemouth v Nottingham Forest Bournemouth 1-0 Justin Kluivert
100%
Southampton v Newcastle Newcastle 1-1 Alexander Isak
97%
Southampton v Newcastle Newcastle 2-1 Alexander Isak
97%
Liverpool v Ipswich Liverpool 3-0 Cody Gakpo
97%
Liverpool v Ipswich Liverpool 4-0 Cody Gakpo
97%
Manchester City v Chelsea Manchester City 2-1 Erling Haaland
97%
Liverpool v Ipswich Liverpool 2-0 Mohamed Salah
97%
Fulham v Manchester United Manchester United 1-0 Lisandro Martinez
94%
Manchester City v Chelsea Chelsea 1-0 Noni Madueke
94%
Tottenham v Leicester Leicester 1-1 Jamie Vardy
91%
Crystal Palace v Brentford Brentford 1-0 Bryan Mbeumo
88%
Liverpool v Ipswich Liverpool 1-0 Dominik Szoboszlai
88%
Brighton v Everton Everton 1-0 Iliman Ndiaye
88%
Manchester City v Chelsea Manchester City 1-1 Josko Gvardiol
88%
Manchester City v Chelsea Manchester City 3-1 Phil Foden
88%
Crystal Palace v Brentford Brentford 2-0 Kevin Schade
79%
Tottenham v Leicester Leicester 2-1 Bilal El Khannouss
76%
Tottenham v Leicester Tottenham 1-0 Richarlison
76%
Liverpool v Ipswich Ipswich 4-1 Jacob Greaves
70%
Southampton v Newcastle Newcastle 3-1 Sandro Tonali
70%
Aston Villa v West Ham Aston Villa 1-0 Jacob Ramsey
64%
Southampton v Newcastle Southampton 1-0 Jan Bednarek
64%
Aston Villa v West Ham West Ham 1-1 Emerson
61%
Crystal Palace v Brentford Crystal Palace 2-1 Romain Esse
61%
Wolves v Arsenal Arsenal 1-0 Riccardo Califiori
52%
No matching quizzes found
Score Distribution
Percent of People with Each Score
Percentile by Number Answered
Your Score History
You have not taken this quiz